000 00897cam a2200265 a 4500
001 198695
003 OSt
005 20240530110423.0
008 980924s2010 jo ad f b 000 0 eng
040 _aEG-CaGPL
_cEG-CaGPL
082 0 4 _221
_a610.73\
_bM R
100 0 _aMary Zaid Haddad
245 1 0 _aReproductive health nursing ( theory ) /
_cprepared by Mary Zaid Haddad , Nawzat F . Abu Alrub
250 _aed. 1
260 _aAMMAN :
_bDar AL Essar ,
_c2010
300 _a299 p. :
_bill. :
_c24 cm.
504 _aIncludes bibliographical references.
650 0 _aReproductive health
_zZambia
_xPlanning.
650 0 _aNursing
650 0 _aReproductive health
700 0 _aNawzat F . Abu Alrub
942 _2ddc
_cBK
999 _c60688
_d60688